000 00742nam a22001937a 4500
005 20240530110510.0
008 151021s2011 ua g 000 1 ara d
040 _aEG-CaGPL
082 0 4 _221
_a813.083
_bق/أ ش
100 0 _aاسماء الطنانى .
245 1 0 _aشمس منتصف الليل :
_bاول رواية تصدر عن ثورة 25 يناير /
_cتاليف اسماء الطنانى .
250 _aط3.
260 _aالقاهرة :
_bمكتبة جزيرة الورد ،
_c2011 .
300 _a160 ص ؛
_c20 سم .
650 0 4 _aثورة 25 يناير
_vقصص .
651 0 4 _aمصر
_xتاريخ
_yالعصر الحديث
_yثورة 25 يناير .
942 _2ddc
_cBK
999 _c61658
_d61658